Kỹ thuật lạnh ứng dụng

Giáo trình giới thiệu về các tổ hợp lạnh cụ thể, về tính toán thiết kế kho lạnh, phương pháp làm lạnh chất lỏng, chất khí, tủ lạnh gia đình, máy lạnh thương nghiệp và buồng lạnh lắp ghép, các phương pháp và máy sản xuất nước đá, đá k...

Szczegółowa specyfikacja

Zapisane w:
Opis bibliograficzny
1. autor: Nguyễn, Đức Lợi
Format: Książka
Język:Undetermined
Wydane: Hà Nội Giáo dục Việt Nam 2011
Hasła przedmiotowe:
Etykiety: Dodaj etykietę
Nie ma etykietki, Dołącz pierwszą etykiete!
Thư viện lưu trữ: Trung tâm Học liệu Trường Đại học Cần Thơ
LEADER 01466nam a2200205Ia 4500
001 CTU_193641
008 210402s9999 xx 000 0 und d
020 |c 72000 
082 |a 621.56 
082 |b L462 
100 |a Nguyễn, Đức Lợi 
245 0 |a Kỹ thuật lạnh ứng dụng 
245 0 |c Nguyễn Đức Lợi, Phạm Văn Tùy, Đinh Văn Thuận 
260 |a Hà Nội 
260 |b Giáo dục Việt Nam 
260 |c 2011 
520 |a Giáo trình giới thiệu về các tổ hợp lạnh cụ thể, về tính toán thiết kế kho lạnh, phương pháp làm lạnh chất lỏng, chất khí, tủ lạnh gia đình, máy lạnh thương nghiệp và buồng lạnh lắp ghép, các phương pháp và máy sản xuất nước đá, đá khô, các ứng dụng của kỹ thuật lạnh trong công nghiệp thực phẩm, kỹ thuật bơm nhiệt, điều hòa không khí, vận tải lạnh cũng như các ứng dụng khác trong các ngành y tế, thể thao, cơ khí, quang học, điện tử, hóa học, khí hóa lỏng, xây dựng, vật liệu, nông, lâm ,ngư nghiệp, ... và kể cả kỹ thuật cryô. 
650 |a Low temperature engineering,Kỹ thuật làm lạnh 
904 |i Tuyến 
980 |a Trung tâm Học liệu Trường Đại học Cần Thơ